Statistics for Super Mario Maker 2 Course Elements

Click here to take the quiz!

General Stats

  • This quiz has been taken 13 times
  • The average score is 73 of 178

Answer Stats

CategoryAnswer% Correct
Terrain? Block
88%
ItemsCoin
88%
TerrainHard Block
88%
EnemiesIggy
88%
EnemiesLemmy
88%
EnemiesLudwig
88%
EnemiesMorton
88%
EnemiesRoy
88%
EnemiesWendy
88%
Items1-up Mushroom
75%
Gizmos! Block
75%
EnemiesBoo
75%
EnemiesBoo Buddies
75%
EnemiesBowser
75%
EnemiesBowser Jr.
75%
TerrainCloud Block
75%
TerrainDonut Block
75%
GizmosDotted-Line Block
75%
EnemiesDry Bones
75%
ItemsFire Flower
75%
EnemiesGoomba
75%
EnemiesKoopa Troopa
75%
EnemiesLakitu
75%
EnemiesLakitu's Cloud
75%
EnemiesLarry
75%
ItemsRotten Mushroom
75%
EnemiesSpike
75%
ItemsSuper Mushroom
75%
ItemsSuper Star
75%
Items10-Coin
63%
EnemiesAngry Sun
63%
EnemiesBlooper
63%
EnemiesBuzzy Beetle
63%
GizmosCannon
63%
ItemsCape Feather
63%
EnemiesCheep Cheep
63%
TerrainClear Pipe
63%
EnemiesHammer Bro
63%
TerrainIce Block
63%
EnemiesJumping Piranha Plant
63%
EnemiesMoon
63%
TerrainPipe
63%
EnemiesPiranha Plant
63%
ItemsPropeller Mushroom
63%
GizmosRed Cannon
63%
EnemiesSpiny
63%
ItemsSuper Acorn
63%
ItemsSuper Bell
63%
ItemsSuper Hammer
63%
ItemsSuper Leaf
63%
EnemiesThwomp
63%
GizmosWarp Door
63%
Items30-Coin
50%
Items50-Coin
50%
EnemiesBlasta Mechakoopa
50%
EnemiesBoom Boom
50%
TerrainBrick Block
50%
GizmosCursed Key
50%
GizmosFast Snake Block
50%
EnemiesFire Bro
50%
EnemiesFire Koopa Clown Car
50%
ItemsFrog Suit
50%
EnemiesGaloomba
50%
TerrainGentle Slope
50%
TerrainGround
50%
EnemiesHeavy Fire Bro
50%
GizmosKey
50%
EnemiesKoopa Clown Car
50%
EnemiesLava Bubble
50%
ItemsMaster Sword
50%
EnemiesMechakoopa
50%
TerrainNote Block
50%
GizmosP Block
50%
ItemsPink Coin
50%
GizmosSnake Block
50%
TerrainSteep Slope
50%
GizmosTrampoline
50%
EnemiesZappa Mechakoopa
50%
EnemiesAnt Trooper
38%
GizmosBanzai Bill
38%
EnemiesBob-omb
38%
TerrainBridge
38%
GizmosCheckpoint Flag
38%
GizmosFire Bar
38%
TerrainHidden Block
38%
GizmosKey Door
38%
EnemiesKoopa Troopa Car
38%
EnemiesLit Bob-omb
38%
EnemiesMagikoopa
38%
EnemiesMuncher
38%
TerrainMushroom Platform
38%
GizmosOne-Way Wall
38%
GizmosON/OFF Switch
38%
EnemiesPeepa
38%
EnemiesPokey
38%
EnemiesPom Pom
38%
ItemsPower Balloon
38%
GizmosP Switch
38%
GizmosSeesaw
38%
TerrainSemisolid Platform
38%
EnemiesSledge Bro
38%
EnemiesSpike Top
38%
ItemsSuperball Flower
38%
GizmosTrack
38%
GizmosTree
38%
ItemsYoshi's Egg
38%
EnemiesAngry Wiggler
25%
ItemsBig Mushroom
25%
GizmosBill Blaster
25%
ItemsBoomerang Flower
25%
ItemsBullet Bill Mask
25%
GizmosBull's-Eye Blaster
25%
GizmosBumper
25%
GizmosBurner
25%
EnemiesBuzzy Shell
25%
ItemsCannon Box
25%
EnemiesChain Chomp
25%
GizmosCloud Lift
25%
EnemiesFire Piranha Plant
25%
EnemiesFish Bone
25%
GizmosFlimsy Lift
25%
ItemsGoomba Mask
25%
GizmosIcicle
25%
GizmosLift
25%
EnemiesPiranha Creeper
25%
ItemsPropeller Box
25%
GizmosP Warp Door
25%
GizmosSkewer
25%
ItemsSMB2 Mushroom
25%
EnemiesSpike Ball
25%
GizmosSpike Block
25%
TerrainSpike Trap
25%
EnemiesSpiny Shell
25%
GizmosTwister
25%
EnemiesUnchained Chomp
25%
GizmosWarp Box
25%
GizmosWarp Box (With Key)
25%
EnemiesWiggler
25%
GizmosArrow Sign
13%
GizmosBlinking Block
13%
EnemiesBlooper Nanny
13%
GizmosBull's-Eye Banzai
13%
EnemiesBully
13%
EnemiesCharvaargh
13%
GizmosConveyor Belt
13%
GizmosDash Block
13%
EnemiesDry Bones Shell
13%
GizmosFast Lava Lift
13%
ItemsFrozen Coin
13%
EnemiesGoombrat
13%
EnemiesGoombud
13%
GizmosGrinder
13%
EnemiesHop-Chops
13%
EnemiesHorned Ant Trooper
13%
GizmosLava Lift
13%
EnemiesMeowser
13%
EnemiesMonty Mole
13%
GizmosMushroom Trampoline
13%
GizmosON/OFF Trampoline
13%
EnemiesPorcupuffer
13%
GizmosPOW Block
13%
GizmosRed POW Block
13%
ItemsRed POW Box
13%
EnemiesRocky Wrench
13%
TerrainRotating Block
13%
ItemsShoe Goomba
13%
EnemiesSkipsqueak
13%
EnemiesSnowball
13%
EnemiesSnow Pokey
13%
GizmosSwinging Claw
13%
GizmosTrack Block
13%
GizmosVine
13%
GizmosCrate
0%
GizmosFast Conveyor Belt
0%
TerrainMusic Block
0%
EnemiesSpiny Skipsqueak
0%
ItemsStiletto Goomba
0%
EnemiesStingby
0%

Score Distribution

Percentile by Number Answered

Percent of People with Each Score

Your Score History

You have not taken this quiz